000 01313nam a2200397 i 4500
001 7134
003 KOSZ 005
005 20200403142100.0
008 070702s1970 pl a f f |000 0 pol
015 _aPB 1970/6745
035 _a(OCoLC)749349484
040 _aWA N
_cWA N
_dKOSZ 005/HR
046 _k1969
080 _a621.317
080 _a(075.8)
100 1 _aJellonek, Andrzej
_d(1907-1998)
_eAutor
245 1 0 _aPodstawy miernictwa elektrycznego dla elektroników.
_n1,
_pPomiary przy prądzie stałym /
_cA. Jellonek, J. Gąszczak.
250 _aWyd. 2.
260 _aWrocław :
_bPaństwowe Wydawnictwo Naukowe,
_c1970.
300 _a342 s. :
_bil. ;
_c23 cm.
336 _2rdacontent
_aTekst
_btxt
337 _2rdamedia
_aBez urządzenia pośredniczącego
_bn
338 _2rdacarrier
_aWolumin
_bnc
380 _aKsiążki
380 _aPublikacje dydaktyczne
385 _mPoziom nauczania
_aSzkoły wyższe
388 _a1901-2000
388 _a1945-1989
658 _aInżynieria i technika
655 4 _aPodręczniki akademickie
650 4 _aPomiary
650 4 _aElektrotechnika
700 1 _aGąszczak, Jarosław.
_eAutor
856 _uhttp://koha.tu.koszalin.pl/cgi-bin/koha/opac-detail.pl?biblionumber=7134
_yKatalog online BPK
942 _2UKD
_cKS
999 _c7134
_d7134